| 000 | 00527nam a2200229 a 4500 | ||
|---|---|---|---|
| 001 | nice12345678 | ||
| 003 | IN_TiNIC | ||
| 005 | 20260116015340.0 | ||
| 008 | 150305s2008 dela grp 000 0 eng | ||
| 020 |
_a9788184580617 _c125 |
||
| 082 | 0 | 0 |
_a230 _bCOR |
| 100 | _aCorwin, Chuck | ||
| 245 | _aTheology for Dummies | ||
| 260 |
_aDelhi _bISPCK _c2008 |
||
| 300 | _a145p | ||
| 500 | _aincludes index and biblioraphy | ||
| 505 | 2 | _aIntex | |
| 650 | _aTheology | ||
| 902 | _bSRS | ||
| 942 | _cBK | ||
| 999 |
_c19333 _d19333 |
||